| 000 | 00489nam a22001817a 4500 | ||
|---|---|---|---|
| 005 | 20251108172543.0 | ||
| 008 | 250721s9999 xx 000 0 ara d | ||
| 082 | 1 | 4 | _a492.47نتش |
| 100 | 1 | _aالنتشه، عوني عاشور | |
| 245 | 1 | 0 | _aتعلم اللغة العبرية / |
| 264 | 1 |
_aلندن : _bدار عكاظ، |
|
| 300 | _a332 ص | ||
| 650 | 1 | 7 | _aاللغة العبرية |
| 650 | 1 | 7 | _aالتدريس |
| 650 | 1 | 7 | _aالتعلم |
| 942 |
_2ddc _cBK |
||
| 999 |
_c82379 _d82379 |
||